Holiday Quiz

Random Holiday or Christmas Quiz

Missing Word about Christmas and Christians Quiz Stats

 Plays Quiz not verified by Sporcle

Challenge
Share
Tweet
Embed
Score 0/16 Timer 04:00
0 Plays Today
Hint Answer % Correct
Christmas commemorates the birth of Jesus Christ in the town of _______.Bethlehem
97.9%
One of the best known Christmas carols written in 1818 in Austria is 'Stille Nachte' translated to '____ Night.'Silent
87.6%
The highest grossing Christmas movie of all time is 'How the _____ stole Christmas.'Grinch
83.4%
Christmas became a federal holiday in the US only in the late ______ century.Nineteenth
82.8%
The idea of Santa Claus originated with the fourth century Saint ______, who gave away gifts in secret.Nicholas
80.7%
The best selling Christmas song of all time is _____ ____ rendition of White Christmas.Bing Crosby
77.9%
The continent with the highest population of Christians is __________.South America
75.2%
Three kings or wise men from the east visited infant Jesus and brought gifts of gold, _______ and myrrh.Frankincense
74.5%
Hint Answer % Correct
2000 years after Jesus Christ's birth there are over ____ billion Christians in the world today.Two
72.4%
British author _____ _____ wrote wrote 'A Christmas Carol' in 1834.Charles Dickens
71%
The birth took place in a _____ surrounded by farm animals.Stable
69%
Emperor Caesar _______ ordered a census of the entire Roman Empire at the time of Jesus birth.Augustus
69%
Pope Julius I, in 350 AD proclaimed _______ as the official annual celebration date for the birth of Christ.December 25th
66.9%
The country with the largest Christian population is _________.USA
65.5%
This world leader and 266th successor of St. Peter is _____ _____.Pope Francis
52.4%
The largest Christian denomination in the world is _________.Catholicism
36.6%

You're not logged in!

Compare scores with friends on all Sporcle quizzes.
Join for Free
OR
Log In

You Might Also Like...

Show Comments

Extras

Curator's Pick Dec 15, 2015ReportNominate
Tags:Christmas Quiz, Missing Word Quiz, christian

Top Quizzes Today


Score Distribution

Your Account Isn't Verified!

In order to create a playlist on Sporcle, you need to verify the email address you used during registration. Go to your Sporcle Settings to finish the process.

Report this User

Report this user for behavior that violates our Community Guidelines.

Details: